[Event "44th Guernsey International Open"]
[Site "?"]
[Date "2018.10.26"]
[Round "6"]
[White "Gravett, Alan D"]
[Black "Van den Boogaart, Jan Maarten"]
[Result "0-1"]
[WhiteElo "1821"]
[BlackElo "2009"]
[PlyCount "84"]
[EventDate "2018.10.21"]

1. g3 d5 2. Nf3 Nf6 3. Bg2 c6 4. c4 Bg4 5. O-O e6 6. cxd5 exd5 7. Ne5 Bh5 8.
Qb3 Nbd7 9. d4 Qb6 10. Nxd7 Nxd7 11. e4 Qxb3 12. axb3 dxe4 13. Bxe4 Bb4 14. Ra4
Bd6 15. Bf5 Nb6 16. Re1+ Kd8 17. Ra1 Bg6 18. Bxg6 hxg6 19. Nc3 Re8 20. Rxe8+
Kxe8 21. Ne4 Kd7 22. Nxd6 Kxd6 23. Bf4+ Kd7 24. Bd2 a6 25. Re1 Nd5 26. Kf1 Nc7
27. Bb4 Nd5 28. Bc3 Rh8 29. h4 g5 30. hxg5 Rh1+ 31. Ke2 Rxe1+ 32. Kxe1 Ke6 33.
g6 f5 34. Ke2 Kf6 35. f4 Kxg6 36. Kf3 Kf6 37. Bd2 Ke6 38. Be1 g6 39. Bd2 Nf6
40. Be1 Kd5 41. Bc3 Ng4 42. Ke2 Ke4 0-1

[Event "44th Guernsey International Open"]
[Site "?"]
[Date "2018.10.26"]
[Round "6"]
[White "Fassaert, Desire JM"]
[Black "Magnussen, Pal"]
[Result "1/2-1/2"]
[WhiteElo "1942"]
[BlackElo "2000"]
[PlyCount "52"]
[EventDate "2018.10.21"]

1. Nf3 Nf6 2. c4 g6 3. b3 Bg7 4. Bb2 O-O 5. g3 d5 6. cxd5 Qxd5 7. Nc3 Qh5 8.
Bg2 c6 9. d3 Bh3 10. O-O Nbd7 11. Nh4 Bxg2 12. Kxg2 Ne5 13. d4 Rad8 14. e3 Ned7
15. Qxh5 Nxh5 16. Rac1 Nb6 17. Ba3 Rd7 18. Nf3 Re8 19. Ne4 Nf6 20. Nxf6+ Bxf6
21. Rfd1 Red8 22. Re1 e6 23. Kf1 Bg7 24. Ke2 h5 25. Red1 Nd5 26. Rd2 a6 1/2-1/2

[Event "44th Guernsey International Open"]
[Site "?"]
[Date "2018.10.26"]
[Round "6"]
[White "Campbell, Ian"]
[Black "Froberg, Gert Jan"]
[Result "1/2-1/2"]
[WhiteElo "1969"]
[BlackElo "1867"]
[PlyCount "63"]
[EventDate "2018.10.21"]

1. Nf3 g6 2. b3 Bg7 3. Nc3 Nf6 4. Bb2 d5 5. e3 e6 6. Be2 O-O 7. O-O Nc6 8. d4
Re8 9. Bb5 Bd7 10. Bxc6 Bxc6 11. Ne5 Nd7 12. Nxc6 bxc6 13. Na4 e5 14. Qd2 Qg5
15. dxe5 f6 16. exf6 Nxf6 17. Rae1 Ne4 18. Qc1 Bxb2 19. Nxb2 Nc3 20. Qd2 Qf6
21. Nd1 Ne4 22. Qd3 Rad8 23. f3 Nc5 24. Qd4 Qxd4 25. exd4 Ne6 26. c3 Nf4 27.
Re3 Rxe3 28. Nxe3 Ne2+ 29. Kf2 Nxc3 30. Rc1 Nxa2 31. Rxc6 Rd7 32. Ra6 1/2-1/2

[Event "44th Guernsey International Open"]
[Site "?"]
[Date "2018.10.26"]
[Round "6"]
[White "Van Ginkel, Henk"]
[Black "Sikkel, Dirk"]
[Result "0-1"]
[WhiteElo "1842"]
[BlackElo "1969"]
[PlyCount "88"]
[EventDate "2018.10.21"]

1. e4 g6 2. Nc3 Bg7 3. g3 d6 4. Bg2 Nc6 5. d3 e5 6. f4 exf4 7. Bxf4 Be6 8. Nf3
Qd7 9. Qd2 h6 10. a3 Nge7 11. O-O-O g5 12. Be3 O-O-O 13. d4 d5 14. e5 Na5 15.
b3 Nf5 16. Bf2 Bf8 17. Kb2 b6 18. Bf1 Kb8 19. g4 Ne7 20. h3 Ng6 21. Bg3 Be7 22.
Ne1 h5 23. gxh5 Rxh5 24. Qf2 Rdh8 25. Nd3 g4 26. h4 Bxh4 27. Bxh4 Rxh4 28. Rxh4
Rxh4 29. Nf4 g3 30. Nxg6 gxf2 31. Nxh4 Nc6 32. Rd2 Qe7 33. Nf3 Bg4 34. Rxf2
Bxf3 35. Rxf3 Nxd4 36. Rf6 c6 37. Bh3 Qxe5 38. Rxf7 Nb5 39. Rf8+ Kb7 40. Rf7+
Nc7 41. Bg2 Qe6 42. Rg7 Qf6 43. Rd7 a5 44. Bxd5 cxd5 0-1

[Event "44th Guernsey International Open"]
[Site "?"]
[Date "2018.10.26"]
[Round "6"]
[White "Karstens, Lex"]
[Black "Taylor, Mark V"]
[Result "1-0"]
[WhiteElo "1874"]
[BlackElo "1933"]
[PlyCount "47"]
[EventDate "2018.10.21"]

1. d4 d6 2. e4 Nf6 3. Nc3 c6 4. Be3 Qa5 5. Qd2 e5 6. f3 Be7 7. Nge2 O-O 8. g4
b5 9. Ng3 Re8 10. h4 exd4 11. Bxd4 d5 12. e5 Bd6 13. O-O-O Bxe5 14. Bxe5 Rxe5
15. Qd4 Re8 16. g5 b4 17. gxf6 bxc3 18. bxc3 Qa3+ 19. Kd2 Nd7 20. fxg7 Ne5 21.
Qf4 d4 22. Ne4 dxc3+ 23. Ke1 Qe7 24. Kf2 1-0

[Event "44th Guernsey International Open"]
[Site "?"]
[Date "2018.10.26"]
[Round "6"]
[White "Burton, Ronnie"]
[Black "Morcom, Huw"]
[Result "1/2-1/2"]
[WhiteElo "1919"]
[BlackElo "1901"]
[PlyCount "68"]
[EventDate "2018.10.21"]

1. Nf3 g6 2. g3 Bg7 3. Bg2 d6 4. c4 c6 5. Nc3 f5 6. d4 Nh6 7. O-O Nf7 8. d5 O-O
9. e4 Na6 10. Be3 e5 11. exf5 gxf5 12. Qd2 c5 13. Ng5 Nc7 14. h4 Qf6 15. Bf3 h6
16. Nxf7 Rxf7 17. Bh5 Rf8 18. f4 e4 19. Rf2 Bd7 20. Qe2 Be8 21. Kh2 Bxh5 22.
Qxh5 Ne8 23. g4 fxg4 24. Qxg4 Qe7 25. Rg1 Kh8 26. Rfg2 Rg8 27. f5 Nf6 28. Qh3
h5 29. Rg5 Bh6 30. Rxg8+ Nxg8 31. Bg5 Qe5+ 32. Qg3 Re8 33. Re1 Qxf5 34. Re2 Nf6
1/2-1/2

[Event "44th Guernsey International Open"]
[Site "?"]
[Date "2018.10.26"]
[Round "6"]
[White "Canonne, Antoine"]
[Black "Murray, J Stephen"]
[Result "1-0"]
[WhiteElo "1902"]
[BlackElo "1757"]
[PlyCount "111"]
[EventDate "2018.10.21"]

1. e4 c5 2. Nc3 a6 3. f4 b5 4. Nf3 Bb7 5. d3 e6 6. Qe2 Nc6 7. Be3 Be7 8. g3 Nf6
9. Bg2 O-O 10. h3 d5 11. Bf2 d4 12. Nb1 Qa5+ 13. Nbd2 Rfd8 14. O-O Rac8 15. a3
Qc7 16. Nh2 e5 17. f5 Bd6 18. g4 Ne7 19. g5 Ne8 20. Ng4 c4 21. Bg3 c3 22. bxc3
Qxc3 23. Bxe5 Bxa3 24. Bxg7 Kxg7 25. f6+ Kf8 26. fxe7+ Kxe7 27. Qf2 Nd6 28. Ne5
Rf8 29. Qf6+ Ke8 30. Nb3 Bb4 31. Rf2 a5 32. Raf1 a4 33. Nc1 Qc7 34. g6 hxg6 35.
Nxg6 Rg8 36. Ne5 Rf8 37. h4 Qe7 38. h5 Rc5 39. Qxe7+ Kxe7 40. Ng6+ Ke8 41. Nxf8
Kxf8 42. Bf3 Rg5+ 43. Kh2 Bc8 44. Rg2 Rxg2+ 45. Kxg2 Bd2 46. Kg3 Kg7 47. Bg4 b4
48. e5 Bxg4 49. Kxg4 Ne8 50. Kf5 Nc7 51. Rg1+ Kf8 52. Rh1 Bh6 53. Ke4 Ne6 54.
Kd5 Kg8 55. Kc4 Bf8 56. Na2 1-0

[Event "44th Guernsey International Open"]
[Site "?"]
[Date "2018.10.26"]
[Round "6"]
[White "Dijksterhuis, Rolf"]
[Black "Cummins, John"]
[Result "1-0"]
[WhiteElo "1958"]
[BlackElo "1748"]
[PlyCount "69"]
[EventDate "2018.10.21"]

1. e4 e5 2. Nf3 Nc6 3. d4 d6 4. dxe5 dxe5 5. Qxd8+ Kxd8 6. Be3 Nf6 7. Nbd2 Be7
8. h3 h6 9. O-O-O Be6 10. Bc4 Ke8 11. Bxe6 fxe6 12. Ne1 Rd8 13. f3 b5 14. Nd3
a5 15. g4 Nd7 16. h4 g6 17. f4 Bd6 18. f5 exf5 19. exf5 gxf5 20. gxf5 Ke7 21.
Rdg1 Kf7 22. Rg6 h5 23. Ne4 Ne7 24. Nxd6+ cxd6 25. Rxd6 Nxf5 26. Rf1 Ke7 27.
Rxd7+ Rxd7 28. Rxf5 e4 29. Re5+ Kf6 30. Rxe4 Rg8 31. Bg5+ Rxg5 32. hxg5+ Kxg5
33. Re5+ Kg4 34. Rxb5 h4 35. Ne5+ 1-0

[Event "44th Guernsey International Open"]
[Site "?"]
[Date "2018.10.26"]
[Round "6"]
[White "Schadd, Jan"]
[Black "Goris, Ton"]
[Result "0-1"]
[WhiteElo "1872"]
[BlackElo "1922"]
[PlyCount "56"]
[EventDate "2018.10.21"]

1. Nf3 c5 2. g3 Nc6 3. Bg2 g6 4. d4 cxd4 5. Nxd4 Bg7 6. Nxc6 bxc6 7. c4 Nf6 8.
Nc3 O-O 9. O-O Bb7 10. Qb3 Rb8 11. Be3 Ba8 12. Qa3 a5 13. Rad1 d6 14. c5 d5 15.
Bf4 Rb7 16. Be5 Nd7 17. Bxg7 Kxg7 18. e4 e6 19. exd5 exd5 20. Rfe1 Rb4 21. Na4
Re8 22. b3 Rxe1+ 23. Rxe1 Qf6 24. Nb6 Nxb6 25. Qxa5 Rb5 26. Qa3 Qc3 27. Rc1 Qd2
28. cxb6 Ra5 0-1

[Event "44th Guernsey International Open"]
[Site "?"]
[Date "2018.10.26"]
[Round "6"]
[White "Hawkins, James NH"]
[Black "Carlucci, Paul A"]
[Result "1-0"]
[WhiteElo "1910"]
[BlackElo "1817"]
[PlyCount "82"]
[EventDate "2018.10.21"]

1. e4 d5 2. exd5 Qxd5 3. Nc3 Qa5 4. d4 Nf6 5. Nf3 Bf5 6. Bc4 c6 7. Bd2 Qc7 8.
Ne5 e6 9. g4 Bg6 10. h4 Nd5 11. h5 Nxc3 12. Bxc3 Be4 13. Rh3 Nd7 14. Qe2 Bd5
15. O-O-O Nxe5 16. dxe5 Be7 17. f4 O-O-O 18. Bxd5 Rxd5 19. Rxd5 exd5 20. g5 Rd8
21. Bd2 Qd7 22. Rb3 Qf5 23. Rg3 Kb8 24. Qg4 Qe4 25. Re3 Qc4 26. Kb1 d4 27. Rd3
Qd5 28. Qf3 Qe6 29. f5 Qc8 30. Qf4 Ka8 31. a3 c5 32. f6 gxf6 33. gxf6 Bf8 34.
Qe4 Qe6 35. c3 Re8 36. cxd4 Qb6 37. dxc5 Bxc5 38. Qd5 a5 39. Bf4 Rg8 40. Rb3
Rg1+ 41. Ka2 Qa6 1-0

[Event "44th Guernsey International Open"]
[Site "?"]
[Date "2018.10.26"]
[Round "6"]
[White "Brookfield, Toby"]
[Black "Ingham, H William"]
[Result "0-1"]
[WhiteElo "1873"]
[BlackElo "1849"]
[PlyCount "62"]
[EventDate "2018.10.21"]

1. e4 d5 2. exd5 Nf6 3. Nf3 Nxd5 4. d4 Bg4 5. h3 Bh5 6. Be2 e6 7. O-O Nc6 8. c4
Nb6 9. Nc3 Bxf3 10. Bxf3 Nxc4 11. Bxc6+ bxc6 12. Qa4 Nb6 13. Qxc6+ Qd7 14. d5
Qxc6 15. dxc6 Bd6 16. Nb5 Ke7 17. Nxd6 cxd6 18. b4 Nd5 19. Bd2 Rhb8 20. Rab1
Rb6 21. Rfc1 Rc8 22. b5 a6 23. a4 axb5 24. axb5 Nc7 25. Ba5 Rxb5 26. Rxb5 Nxb5
27. Rb1 Nd4 28. Rb7+ Ke8 29. c7 Kd7 30. Bb6 Nc6 31. f3 Ne7 0-1

[Event "44th Guernsey International Open"]
[Site "?"]
[Date "2018.10.27"]
[Round "7"]
[White "Rosen, Daniel B"]
[Black "Hillarp Persson, Tiger"]
[Result "1/2-1/2"]
[WhiteElo "2081"]
[BlackElo "2544"]
[PlyCount "124"]
[EventDate "2018.10.21"]

1. e4 c5 2. Nc3 a6 3. g3 b5 4. Bg2 Bb7 5. d3 e6 6. Nge2 b4 7. Nb1 d5 8. O-O
dxe4 9. dxe4 Qxd1 10. Rxd1 Nf6 11. f3 Nc6 12. Be3 a5 13. Nd2 Ba6 14. Bf1 Nd7
15. Nf4 Nce5 16. Bxa6 Rxa6 17. Kf2 Be7 18. Ke2 c4 19. Ng2 Rc6 20. Bd4 O-O 21.
f4 Ng6 22. Nf3 Rd8 23. Ne3 f6 24. f5 Ngf8 25. fxe6 Nxe6 26. c3 Re8 27. Kf1 Nxd4
28. Nxd4 Rcc8 29. Nb5 Ne5 30. Nf5 Rc5 31. Nxe7+ Rxe7 32. Rd8+ Kf7 33. Nd6+ Kg6
34. Rd1 Nd3 35. cxb4 Nxb4 36. a3 Nd3 37. Nxc4 Rxc4 38. R8xd3 Rcxe4 39. R1d2 h5
40. Kf2 h4 41. Rd4 h3 42. b4 Re3 43. bxa5 Rxa3 44. Rh4 Rxa5 45. Rxh3 Rf5+ 46.
Kg2 Rfe5 47. Kf3 Kf5 48. Rh5+ g5 49. g4+ Kg6 50. Rh8 Re3+ 51. Kf2 Ra3 52. Re2
Rb7 53. Rg8+ Kf7 54. Rge8 Ra4 55. h3 Ra3 56. Kg2 Rba7 57. Kh2 Ra2 58. Kg2 R7a5
59. Kf1 Rxe2 60. Rxe2 Re5 61. Rf2 Ke6 62. Kg2 Re3 1/2-1/2

[Event "44th Guernsey International Open"]
[Site "?"]
[Date "2018.10.27"]
[Round "7"]
[White "Le Roux, Jean Pierre"]
[Black "Povah, Nigel E"]
[Result "1-0"]
[WhiteElo "2532"]
[BlackElo "2303"]
[PlyCount "135"]
[EventDate "2018.10.21"]

1. d4 d5 2. Nf3 Nf6 3. c4 e6 4. Bg5 Bb4+ 5. Nbd2 O-O 6. e3 Nbd7 7. Rc1 c6 8.
Bd3 Re8 9. O-O Be7 10. Re1 h6 11. Bh4 Nh5 12. Bxe7 Qxe7 13. e4 dxe4 14. Nxe4
Nhf6 15. Nc3 Qd6 16. c5 Qc7 17. Ne5 Rd8 18. Nc4 Ne8 19. Qf3 Ndf6 20. Rcd1 Nd5
21. Ne4 Qf4 22. Qe2 Qc7 23. g3 Ndf6 24. Nc3 Kf8 25. Be4 Nd5 26. Bf3 b6 27. Ne5
Nef6 28. Rc1 b5 29. Nxd5 Nxd5 30. Bh5 g6 31. Bf3 Kg7 32. Qd2 Bd7 33. Bxd5 exd5
34. Qf4 Bf5 35. Nxg6 Qxf4 36. Nxf4 Re8 37. f3 f6 38. Kf2 Kf7 39. Rxe8 Rxe8 40.
Re1 Rxe1 41. Kxe1 a5 42. Kd2 Ke7 43. a3 Bc8 44. b4 axb4 45. axb4 Bf5 46. Ke3
Kf7 47. Ng2 Bd7 48. Kf4 Kg6 49. g4 Kf7 50. Ne3 Kg6 51. h4 Be6 52. Kg3 Bd7 53.
f4 f5 54. h5+ Kf6 55. g5+ hxg5 56. Ng2 g4 57. Kh4 Be8 58. Ne1 g3 59. Ng2 Bf7
60. Ne3 Be8 61. h6 Kg6 62. h7 Kxh7 63. Kg5 Bg6 64. Kf6 Bh5 65. Ke7 Kg6 66. Kd7
Kf6 67. Kxc6 Ke6 68. Kb7 1-0

[Event "44th Guernsey International Open"]
[Site "?"]
[Date "2018.10.27"]
[Round "7"]
[White "Korneev, Oleg"]
[Black "Cornelisse, John"]
[Result "1-0"]
[WhiteElo "2560"]
[BlackElo "2184"]
[PlyCount "85"]
[EventDate "2018.10.21"]

1. d4 Nf6 2. Nf3 e6 3. Bf4 c5 4. e3 Nc6 5. c3 Be7 6. h3 O-O 7. Nbd2 d5 8. Bd3
Bd6 9. dxc5 Bxf4 10. exf4 Qc7 11. g3 e5 12. fxe5 Re8 13. Bb5 Nd7 14. Kf1 Nxc5
15. Kg2 Qb6 16. a4 Bd7 17. Re1 a6 18. Bxc6 Bxc6 19. b4 Ne4 20. Re3 Rad8 21. a5
Qc7 22. Nb3 Bd7 23. Qd4 Qc6 24. Nc5 Nxc5 25. Qxc5 Qe6 26. Rb1 Rc8 27. Nd4 Rxc5
28. Nxe6 Rc4 29. Nd4 Rec8 30. Ne2 Bc6 31. f3 Re8 32. Kf2 Kf8 33. Rd1 Rd8 34.
Rd4 Bb5 35. Rxc4 Bxc4 36. Nd4 Ke7 37. Nf5+ Kf8 38. f4 Rd7 39. Nd4 Rc7 40. f5
Ke8 41. g4 h6 42. h4 Ba2 43. e6 1-0

[Event "44th Guernsey International Open"]
[Site "?"]
[Date "2018.10.27"]
[Round "7"]
[White "Rowe, Peter"]
[Black "Grieve, Harry"]
[Result "0-1"]
[WhiteElo "1951"]
[BlackElo "2292"]
[PlyCount "68"]
[EventDate "2018.10.21"]

1. d4 d5 2. Bf4 e6 3. Nf3 Nf6 4. e3 Bd6 5. Bg3 O-O 6. Bd3 c5 7. c3 b6 8. Nbd2
Bb7 9. Ne5 Nc6 10. Ndf3 Ne4 11. Nxc6 Bxc6 12. Bxd6 Nxd6 13. O-O Bb5 14. Bxb5
Nxb5 15. Qe2 Nd6 16. Nd2 Rc8 17. f4 cxd4 18. exd4 b5 19. Nb3 b4 20. Nc5 Qa5 21.
Rf3 Rc6 22. Rh3 bxc3 23. bxc3 Rfc8 24. a4 h6 25. Rb1 Ne4 26. Rb5 Qc7 27. Rb7
Qxf4 28. Rf3 Qc1+ 29. Rf1 Qxc3 30. Rfxf7 Qxd4+ 31. Kh1 Rxc5 32. Rxg7+ Qxg7 33.
Rxg7+ Kxg7 34. Qg4+ Kh7 0-1

[Event "44th Guernsey International Open"]
[Site "?"]
[Date "2018.10.27"]
[Round "7"]
[White "Waddington, Mike P"]
[Black "Bolt, Graham"]
[Result "1/2-1/2"]
[WhiteElo "2096"]
[BlackElo "1994"]
[PlyCount "103"]
[EventDate "2018.10.21"]

1. Nc3 c5 2. e4 Nc6 3. Nf3 g6 4. d4 cxd4 5. Nxd4 Bg7 6. Be3 d6 7. Qd2 Nf6 8.
Be2 Bd7 9. O-O-O O-O 10. h4 Rc8 11. h5 Ne5 12. hxg6 fxg6 13. f3 Nc4 14. Bxc4+
Rxc4 15. Bh6 Nxe4 16. Nxe4 Rxd4 17. Qxd4 Bxd4 18. Rxd4 Rf5 19. Nc3 Bc6 20. Rdh4
Qb6 21. Bd2 h5 22. Re1 Re5 23. Rf1 Rf5 24. Re1 e5 25. Be3 Qd8 26. Rhh1 b6 27.
Rd1 d5 28. Kb1 d4 29. Ne2 Qe7 30. Bc1 Rf7 31. Rhe1 Qc5 32. c3 Rd7 33. cxd4 exd4
34. Nf4 Qf5+ 35. Ka1 Rd6 36. Bd2 a5 37. Rc1 Bd7 38. Re4 Qb5 39. Rce1 h4 40. Re5
Qc6 41. Kb1 Bf5+ 42. Ka1 Rd8 43. Rc1 Qb7 44. Rce1 Qc7 45. Ne6 Bxe6 46. Rxe6 Qc2
47. Bg5 Rc8 48. a3 Qf5 49. R1e5 Qd3 50. Rxb6 Qf1+ 51. Ka2 Qc4+ 52. Ka1 1/2-1/2

[Event "44th Guernsey International Open"]
[Site "?"]
[Date "2018.10.27"]
[Round "7"]
[White "Havenaar, Jan"]
[Black "Purdon, Colin"]
[Result "1-0"]
[WhiteElo "2043"]
[BlackElo "2036"]
[PlyCount "93"]
[EventDate "2018.10.21"]

1. Nc3 d5 2. e4 dxe4 3. Nxe4 Nc6 4. Bc4 Nf6 5. Ng5 e6 6. Ne2 h6 7. Nf3 Bd6 8.
d4 O-O 9. O-O e5 10. Bb5 Nxd4 11. Nexd4 exd4 12. Qxd4 Bf5 13. c4 c6 14. Ba4 Ne4
15. Be3 Re8 16. Bc2 Qc7 17. Qd1 Rad8 18. Qb1 b6 19. Re1 Bh7 20. Bxh6 f5 21. Be3
Bf4 22. c5 bxc5 23. Bxf4 Qxf4 24. Qc1 Qxc1 25. Raxc1 Kf8 26. h3 Re7 27. Bxe4
Rxe4 28. Rxe4 fxe4 29. Ng5 Bg8 30. b3 Rd2 31. Rxc5 Rxa2 32. Rxc6 Bxb3 33. Rc8+
Ke7 34. Rc7+ Kf6 35. Nxe4+ Kg6 36. g4 Bd5 37. Nc3 Ra1+ 38. Kh2 Bf7 39. h4 Be6
40. f3 a5 41. h5+ Kh7 42. Ne4 Kg8 43. Ng5 Re1 44. Ra7 Kf8 45. Nxe6+ Rxe6 46.
Rxa5 Kf7 47. Kg3 1-0

[Event "44th Guernsey International Open"]
[Site "?"]
[Date "2018.10.27"]
[Round "7"]
[White "Thurlow, Kevin J"]
[Black "Van den Boogaart, Jan Maarten"]
[Result "1-0"]
[WhiteElo "2002"]
[BlackElo "2009"]
[PlyCount "119"]
[EventDate "2018.10.21"]

1. c4 e5 2. Nc3 Nf6 3. Nf3 Nc6 4. e3 Bb4 5. Qc2 Bxc3 6. bxc3 O-O 7. Be2 d6 8.
O-O b6 9. Rb1 Re8 10. e4 Na5 11. d3 h6 12. h3 Nh7 13. Ne1 Be6 14. f4 exf4 15.
Bxf4 Nf8 16. Nf3 Ng6 17. Bg3 Qe7 18. Nd4 Ne5 19. Nxe6 Qxe6 20. Rf2 Rf8 21. Rbf1
Nac6 22. d4 Qg6 23. Kh2 Nd7 24. Bd3 Qg5 25. e5 Nd8 26. exd6 cxd6 27. Bxd6 Re8
28. Rf5 Qe3 29. R1f3 Qe6 30. Bc7 f6 31. R5f4 Qc6 32. Bxd8 Raxd8 33. Be4 Qd6 34.
Bd5+ Kh8 35. Qg6 Nf8 36. Qg3 Re7 37. Rh4 Qxg3+ 38. Kxg3 Re2 39. Re4 Re8 40.
Rxe8 Rxe8 41. Kf2 Kh7 42. h4 Nd7 43. Bc6 Re7 44. Bxd7 Rxd7 45. Ke3 Kg6 46. Kd3
Kf7 47. Rf5 Ke6 48. Rb5 Rc7 49. h5 Kd6 50. a4 Rc6 51. a5 Kc7 52. axb6+ axb6 53.
d5 Rd6 54. Kd4 f5 55. c5 bxc5+ 56. Kxc5 Rf6 57. d6+ Kc8 58. Kc6 g6 59. hxg6
Rxg6 60. Rxf5 1-0

[Event "44th Guernsey International Open"]
[Site "?"]
[Date "2018.10.27"]
[Round "7"]
[White "Magnussen, Pal"]
[Black "Reijneveld, Ad"]
[Result "1/2-1/2"]
[WhiteElo "2000"]
[BlackElo "2089"]
[PlyCount "75"]
[EventDate "2018.10.21"]

1. e4 c5 2. Nf3 g6 3. d4 cxd4 4. Nxd4 Bg7 5. Nc3 Nc6 6. Be3 Nf6 7. Nxc6 bxc6 8.
e5 Ng8 9. f4 Nh6 10. Bc5 O-O 11. Be2 Rb8 12. O-O Rxb2 13. Ne4 Nf5 14. g4 d6 15.
Bxa7 Qa5 16. Bf2 Nh6 17. Bd4 dxe5 18. Bxb2 Qb6+ 19. Bd4 exd4 20. Rb1 Qa7 21.
Kg2 f5 22. Bc4+ Kh8 23. gxf5 Nxf5 24. Rb3 Ba6 25. Qe2 Bxc4 26. Qxc4 Ne3+ 27.
Rxe3 dxe3 28. Ng5 e5 29. Ne6 Qf7 30. Qxc6 Re8 31. Nxg7 Kxg7 32. fxe5 Qe7 33.
Qf6+ Qxf6 34. exf6+ Kf7 35. Re1 Kxf6 36. Kf3 Ra8 37. Rxe3 Rxa2 38. Rc3 1/2-1/2

[Event "44th Guernsey International Open"]
[Site "?"]
[Date "2018.10.27"]
[Round "7"]
[White "Fassaert, Desire JM"]
[Black "Kraft, Karl Heinz"]
[Result "1/2-1/2"]
[WhiteElo "1942"]
[BlackElo "2047"]
[PlyCount "45"]
[EventDate "2018.10.21"]

1. c4 f5 2. g3 Nf6 3. Bg2 d6 4. e3 g6 5. Nc3 Bg7 6. Nge2 O-O 7. O-O e5 8. b3
Nc6 9. Bb2 h6 10. d3 Kh7 11. Qd2 g5 12. f4 Qe8 13. Nd5 Qf7 14. Nxf6+ Bxf6 15.
Nc3 exf4 16. exf4 Qg7 17. Rab1 gxf4 18. gxf4 Nd8 19. Nd5 Bxb2 20. Qxb2 c6 21.
Qxg7+ Kxg7 22. Nc3 Be6 23. d4 1/2-1/2

[Event "44th Guernsey International Open"]
[Site "?"]
[Date "2018.10.27"]
[Round "7"]
[White "Wager, John D"]
[Black "Canonne, Antoine"]
[Result "1/2-1/2"]
[WhiteElo "2029"]
[BlackElo "1902"]
[PlyCount "80"]
[EventDate "2018.10.21"]

1. Nf3 g6 2. g3 Bg7 3. Bg2 Nf6 4. O-O c5 5. c4 O-O 6. Nc3 Nc6 7. d3 d6 8. Rb1
a6 9. a3 Ng4 10. Bd2 e6 11. b4 cxb4 12. axb4 Bd7 13. b5 axb5 14. Nxb5 Qe7 15.
Bc3 Bxc3 16. Nxc3 Bc8 17. h3 Nf6 18. Qd2 Kg7 19. Rb2 h6 20. Rfb1 Rd8 21. Qc2 d5
22. cxd5 exd5 23. Na4 Ra7 24. Nb6 Be6 25. e3 Kh7 26. Rc1 Nd7 27. Nxd7 Qxd7 28.
Kh2 Qe7 29. d4 Rc8 30. Qc5 Rc7 31. Ne5 Qd8 32. Rb6 Ra8 33. Nxc6 bxc6 34. Rcb1
Rac8 35. R1b2 Kg7 36. f3 h5 37. e4 h4 38. g4 Qf6 39. e5 Qf4+ 40. Kh1 Ra7
1/2-1/2

[Event "44th Guernsey International Open"]
[Site "?"]
[Date "2018.10.27"]
[Round "7"]
[White "Dilleigh, Stephen P"]
[Black "Spanton, Timothy R"]
[Result "1-0"]
[WhiteElo "1986"]
[BlackElo "1923"]
[PlyCount "45"]
[EventDate "2018.10.21"]

1. Nf3 d5 2. d4 e6 3. c4 Nf6 4. Nc3 c5 5. cxd5 cxd4 6. Qxd4 exd5 7. e4 Nc6 8.
Bb5 dxe4 9. Qxd8+ Kxd8 10. Ng5 Be6 11. Nxe6+ fxe6 12. Bxc6 bxc6 13. Bg5 Ke8 14.
O-O-O Bc5 15. Bxf6 gxf6 16. Nxe4 Be7 17. Nd6+ Kf8 18. Rhe1 Rg8 19. Rxe6 Rxg2
20. Nf5 Re8 21. Rde1 Rxf2 22. Rxe7 Rb8 23. Nh6 1-0

[Event "44th Guernsey International Open"]
[Site "?"]
[Date "2018.10.27"]
[Round "7"]
[White "De Kruif, Kees"]
[Black "Hawkins, James NH"]
[Result "1/2-1/2"]
[WhiteElo "1979"]
[BlackElo "1910"]
[PlyCount "30"]
[EventDate "2018.10.21"]

1. c4 c5 2. g3 g6 3. Bg2 Bg7 4. Nc3 Nc6 5. d3 d6 6. e4 e5 7. Nge2 Nge7 8. O-O
O-O 9. Rb1 Be6 10. h3 Qd7 11. Kh2 f5 12. f4 Nd4 13. b3 h6 14. Bb2 Rae8 15. Qd2
Nec6 1/2-1/2

[Event "44th Guernsey International Open"]
[Site "?"]
[Date "2018.10.27"]
[Round "7"]
[White "Goris, Ton"]
[Black "Campbell, Ian"]
[Result "1-0"]
[WhiteElo "1922"]
[BlackElo "1969"]
[PlyCount "86"]
[EventDate "2018.10.21"]

1. e4 g6 2. d4 Bg7 3. Nc3 d6 4. f4 e6 5. Nf3 Ne7 6. Be3 a6 7. Qd2 Nd7 8. Bd3
Nf6 9. h3 b5 10. a3 Bb7 11. O-O Qd7 12. Nh4 d5 13. e5 Ne4 14. Nxe4 dxe4 15. Be2
Rd8 16. Rad1 O-O 17. g4 f6 18. Rf2 Nd5 19. c3 Qe7 20. Ng2 fxe5 21. fxe5 Nxe3
22. Rxf8+ Bxf8 23. Qxe3 Bd5 24. g5 c5 25. h4 cxd4 26. cxd4 Rc8 27. Rc1 Rxc1+
28. Qxc1 Qa7 29. Qe3 Bg7 30. Bg4 Qc7 31. Nf4 Qc4 32. b4 Kf7 33. h5 gxh5 34.
Nxh5 Qc2 35. Qf2+ Qxf2+ 36. Kxf2 h6 37. Nxg7 Kxg7 38. gxh6+ Kxh6 39. Ke3 Kg5
40. Bh3 Kg6 41. Kf4 e3 42. Kxe3 Kg5 43. Bf1 Bb3 1-0

[Event "44th Guernsey International Open"]
[Site "?"]
[Date "2018.10.27"]
[Round "7"]
[White "Morcom, Huw"]
[Black "Dijksterhuis, Rolf"]
[Result "1/2-1/2"]
[WhiteElo "1901"]
[BlackElo "1958"]
[PlyCount "59"]
[EventDate "2018.10.21"]

1. Nf3 d5 2. d3 Nf6 3. Nbd2 c5 4. e4 Nc6 5. Be2 e5 6. O-O Be7 7. Re1 O-O 8. Bf1
d4 9. h3 Ne8 10. g4 Be6 11. Bg2 b5 12. Nf1 c4 13. Ng3 Nd6 14. Nf5 f6 15. N3h4
Rc8 16. a3 Re8 17. Nxe7+ Nxe7 18. Nf5 Qc7 19. Bd2 Ng6 20. Qf3 Nxf5 21. gxf5 Nh4
22. Qg3 Nxg2 23. Kxg2 Bf7 24. Rg1 Kh8 25. Kh2 Rg8 26. Qh4 cxd3 27. Rg4 g5 28.
fxg6 Rxg6 29. Rxg6 Bxg6 30. cxd3 1/2-1/2

[Event "44th Guernsey International Open"]
[Site "?"]
[Date "2018.10.27"]
[Round "7"]
[White "Froberg, Gert Jan"]
[Black "Burton, Ronnie"]
[Result "0-1"]
[WhiteElo "1867"]
[BlackElo "1919"]
[PlyCount "50"]
[EventDate "2018.10.21"]

1. b3 d6 2. Bb2 e5 3. e3 c5 4. d3 Nc6 5. Nd2 Nf6 6. Be2 Be7 7. d4 O-O 8. dxc5
dxc5 9. Bf3 Qc7 10. a3 Be6 11. c4 Rad8 12. Qc2 Rd7 13. Bc3 Rfd8 14. Ne2 Nd4 15.
Qb2 Qb6 16. Qa2 Nxe2 17. Kxe2 Qd6 18. Rhc1 Qd3+ 19. Ke1 Qg6 20. Rc2 e4 21. Be2
Qxg2 22. Be5 Ng4 23. Bg3 Nxh2 24. Bxh2 Qxh2 25. Nxe4 Qh1+ 0-1

[Event "44th Guernsey International Open"]
[Site "?"]
[Date "2018.10.27"]
[Round "7"]
[White "Taylor, Mark V"]
[Black "Gravett, Alan D"]
[Result "1/2-1/2"]
[WhiteElo "1933"]
[BlackElo "1821"]
[PlyCount "29"]
[EventDate "2018.10.21"]

1. d4 Nf6 2. Nc3 d5 3. Bg5 Bf5 4. f3 Nc6 5. e3 e6 6. Bb5 Be7 7. Nge2 O-O 8. Bd3
Bxd3 9. cxd3 Ne4 10. Bf4 Nxc3 11. bxc3 Bg5 12. O-O Bxf4 13. Nxf4 Ne7 14. e4 Qd6
15. Ne2 1/2-1/2

[Event "44th Guernsey International Open"]
[Site "?"]
[Date "2018.10.27"]
[Round "7"]
[White "Murray, J Stephen"]
[Black "Van Ginkel, Henk"]
[Result "1/2-1/2"]
[WhiteElo "1757"]
[BlackElo "1842"]
[PlyCount "103"]
[EventDate "2018.10.21"]

1. e4 d6 2. d4 Nf6 3. Nc3 g6 4. Nf3 Bg7 5. Be2 O-O 6. O-O Bg4 7. Be3 Nc6 8. Qd2
e5 9. d5 Ne7 10. Rfe1 Bd7 11. h3 b5 12. Bd3 b4 13. Ne2 a5 14. Ng3 Ne8 15. Bg5
f6 16. Bh6 g5 17. Bxg7 Nxg7 18. c3 Rb8 19. cxb4 axb4 20. a3 bxa3 21. bxa3 Ra8
22. Rec1 Ng6 23. Rc3 Ra7 24. Qc2 Nf4 25. Bf1 Ba4 26. Qc1 Qd7 27. Rb1 Rc8 28.
Rb4 Qd8 29. Qb2 Rca8 30. Kh2 h6 31. Bb5 Bxb5 32. Rxb5 Qc8 33. Rcb3 Qa6 34. Rb8+
Rxb8 35. Rxb8+ Kf7 36. Rb3 h5 37. Ng1 h4 38. N3e2 Nd3 39. Qc2 Nc5 40. Rc3 Nh5
41. g3 hxg3+ 42. fxg3 Qa4 43. Rxc5 dxc5 44. Qxc5 Qxa3 45. Qf2 Rb7 46. Qf5 Qd6
47. Nf3 Rb2 48. Nxg5+ Ke8 49. Qg6+ Kd7 50. Qf5+ Ke8 51. Qg6+ Kd7 52. Qf5+
1/2-1/2